Narita International Airport Destinations (Tokyo, Japan) - Statistics

General Stats
  • This quiz has been taken 255 times
    111 since last reset
  • The average score is 79 of 125
Answer Stats
Airline Destination % Correct
Air China/China Southern Airlines/Hainan Airlines/Japan Airlines/Spring Airlines Japan Beijing (Capital)
95%
All Nippon Airways/Cathay Pacific/Greater Bay Airlines/HK Express/Hong Kong Airlines/Japan Airlines Hong Kong
95%
Cathay Pacific/China Airlines/EVA Air/Japan Airlines/JetStar Japan/Peach/Scoot/Starlux Airlines/Thai Lion Air/Tigerair Taiwan Taipei (Taoyuan)
95%
Etihad Airways Abu Dhabi
94%
Thai AirAsia/Thai AirAsia X/Thai Lion Air Bangkok (Don Mueang)
94%
Air Japan/All Nippon Airways/Japan Airlines/Thai AirAsia X/Thai Airways International/Thai VietJet Air/Zipair Tokyo Bangkok (Suvarnabhumi)
94%
All Nippon Airways/Japan Airlines/VietJet Air/Vietnam Airlines Hanoi
93%
All Nippon Airways/Japan Airlines/Singapore Airlines/United Airlines/Zipair Tokyo Los Angeles
93%
All Nippon Airways/Cebu Pacific/Japan Airlines/JetStar Japan/Philippine Airlines/Philippines AirAsia/Zipair Tokyo Manila
93%
Aero K/Air Busan/Air Japan/Air Premia/Air Seoul/Asiana Airlines/Eastar Jet/Ethiopian Airlines/Jeju Air/Jin Air/Korean Air/T'way Air/Zipair Tokyo Seoul (Incheon)
93%
Air China/All Nippon Airways/China Eastern Airlines/China Southern Airlines/Japan Airlines/JetStar Japan/Juneyao Air/Spring Airlines/Spring Airlines Japan Shanghai (Pudong)
93%
Air Busan/Japan Airlines/Jeju Air/Jin Air/Korean Air Busan
92%
Emirates Dubai (International)
92%
KLM Amsterdam
91%
Air New Zealand Auckland
91%
All Nippon Airways/Batik Air Malaysia/Japan Airlines/Malaysia Airlines Kuala Lumpur (International)
91%
Ethiopian Airlines Addis Ababa
90%
Japan Airlines/Qantas Melbourne
90%
All Nippon Airways/Japan Airlines/United Airlines/Zipair Tokyo San Francisco
90%
Qatar Airways Doha
89%
All Nippon Airways/Japan Airlines/VietJet Air/Vietnam Airlines Ho Chi Minh City
89%
Air Canada/Japan Airlines/Zipair Tokyo Vancouver
89%
Egyptair Cairo
88%
Turkish Airlines Istanbul
88%
China Southern Airlines/Shenzhen Airlines Shenzhen
88%
Air Japan/All Nippon Airways/Japan Airlines/Scoot/Singapore Airlines/Zipair Tokyo Singapore
88%
Air Canada Toronto (Pearson)
88%
Cebu Pacific/Philippine Airlines/United Airlines Cebu
86%
All Nippon Airways/Japan Airlines Jakarta (Soekarno-Hatta)
86%
Air Macau Macau
86%
Aeroméxico/All Nippon Airways Mexico City
86%
JetStar Japan/Peach Osaka (Kansai)
86%
American Airlines Dallas/Fort Worth
85%
Finnair Helsinki
85%
Nepal Airlines Kathmandu
85%
All Nippon Airways/JetStar Japan/Peach/Spring Airlines Japan Sapporo (Chitose)
85%
XiamenAir Xiamen
85%
Jetstar/Qantas Brisbane
84%
Air China/Sichuan Airlines Chengdu (Tianfu)
84%
All Nippon Airways/China Southern Airlines Guangzhou
84%
Air Canada Montréal (Trudeau)
84%
Hawaiian Airlines/Japan Airlines Seattle/Tacoma
84%
LOT Polish Airlines Warsaw (Chopin)
84%
Swiss International Air Lines Zürich
84%
All Nippon Airways/Japan Airlines/United Airlines/Zipair Tokyo Honolulu
83%
Austrian Airlines Vienna
83%
China Eastern Airlines/Hainan Airlines Xi'an
82%
United Airlines Denver
81%
Air China Chongqing
80%
Aero Mongolia/MIAT Mongolian Airlines/United Airlines Ulaanbaatar
80%
United Airlines/Zipair Tokyo Houston (Intercontinental)
78%
Iberia Madrid
78%
China Eastern Airlines/China Southern Airlines Wuhan
78%
Garuda Indonesia Denpasar
76%
All Nippon Airways Perth
76%
El Al Tel Aviv
76%
All Nippon Airways/Japan Airlines Nagoya (Centrair)
75%
SriLankan Airlines Colombo (Bandaranaike)
73%
Korean Air Jeju
73%
Japan Airlines San Diego
73%
All Nippon Airways/Japan Airlines Chicago (O'Hare)
72%
All Nippon Airways Mumbai
72%
Uzbekistan Airways Tashkent
70%
Japan Airlines/JetStar Japan/Peach Fukuoka
69%
China Eastern Airlines Nanjing
68%
United Airlines Newark
68%
Air China/All Nippon Airways/Spring Airlines Hangzhou
67%
Spring Airlines Japan Hiroshima
67%
Air China/Spring Airlines Japan Tianjin
67%
Royal Brunei Airlines Bandar Seri Begawan
66%
Fiji Airways Nadi
65%
JetStar Japan/Peach Naha
64%
WestJet Calgary
63%
Vietnam Airlines Da Nang
63%
JetStar Japan/Peach Nagasaki
63%
Japan Airlines Frankfurt
61%
China Eastern Airlines/China Southern Airlines/Spring Airlines Japan Harbin
61%
China Eastern Airlines Qingdao
60%
China Southern Airlines Changsha
58%
Japan Airlines/United Airlines Guam
58%
T'way Air Daegu
57%
XiamenAir Fuzhou
57%
China Southern Airlines Shenyang
57%
China Southern Airlines Zhengzhou
57%
Japan Airlines Boston
56%
Aeroméxico Monterrey
55%
China Eastern Airlines Kunming
53%
Hainan Airlines Haikou
52%
Air Niugini Port Moresby
51%
Zipair Tokyo San Jose (CA)
51%
China Airlines/EVA Air/Peach/Thai AirAsia/Tigerair Taiwan/United Airlines Kaohsiung
50%
ANA Wings Sendai
47%
All Nippon Airways Brussels
42%
Jetstar Cairns
42%
Air Tahiti Nui Papeete
42%
Tigerair Taiwan Taichung
42%
Loong Air Wenzhou
40%
Japan Airlines Bengaluru
36%
JetStar Japan Matsuyama
35%
JetStar Japan/Peach Kagoshima
34%
Spring Airlines Japan Ningbo
33%
JetStar Japan Kumamoto
31%
JetStar Japan/Peach Ōita
31%
JetStar Japan Kōchi
30%
Malaysia Airlines Kota Kinabalu
28%
JetStar Japan/Peach Miyazaki
28%
United Airlines Saipan
28%
Cebu Pacific Clark
27%
JetStar Japan Takamatsu
27%
Jetstar Japan Asahikawa
26%
China Southern Airlines Changchun
25%
Peach Ishigaki
24%
China Eastern Airlines Yantai
23%
Air Niugini/United Airlines Koror
22%
Jin Air Muan
19%
S7 Airlines Irkutsk
18%
Spring Airlines Shijiazhuang
17%
Peach Amami Oshima
16%
Aero K Cheongju
15%
Peach Kushiro
14%
JetStar Japan Shimojishima
10%
Air China/All Nippon Airways/China Southern Airlines/Hainan Airlines/Spring Airlines Japan Dailan
9%
Garuda Indonesia Manado
8%
Loong Air Linyi
7%
JetStar Japan Shonai
3%
No matching quizzes found
Score Distribution
Percent of People with Each Score
Percentile by Number Answered
Your Score History
You have not taken this quiz since the last reset